Normal view
MARC view
Entry Personal Name
001 - CONTROL NUMBER
- control field: 11793
003 - CONTROL NUMBER IDENTIFIER
- control field: BD-RjUL
005 - DATE AND TIME OF LATEST TRANSACTION
- control field: 20240219100431.0
008 - FIXED-LENGTH DATA ELEMENTS
- fixed length control field: 240219|| aca||aabn | a|a d
040 ## - CATALOGING SOURCE
- Original cataloging agency: BD-RjUL
- Transcribing agency: BD-RjUL
100 ## - HEADING--PERSONAL NAME
- Personal name: Morium, Bibi
670 ## - SOURCE DATA FOUND
- Source citation: Work cat.: (BD-RjUL)83108: Morium, Bibi, A STUDY ON PEOPLE`S PARTICIPATION IN THE PARLIAMENTARY DEMOCRACY IN BANGLADESH /, 2019